| 000 | 00448cam a2200193ua 4500 | ||
|---|---|---|---|
| 001 | 8783 | ||
| 008 | 150214n ii |||gr||||Z||||||eng | ||
| 020 | _a9788185986067 | ||
| 040 | _cMAIN | ||
| 041 | _aeng | ||
| 082 | _a823N | ||
| 100 |
_aNarayan, R. K., _eAuthor. |
||
| 245 | 1 |
_aWaiting for the mahatma _cBy R. K. Narayan |
|
| 250 | _a1st. | ||
| 260 |
_aChennai: _bIndian, _c2011. |
||
| 300 | _a256p. | ||
| 653 | _aEnglish fiction | ||
| 942 | _cBK | ||
| 999 |
_c7880 _d7880 |
||